| 000 | 01269nam a2200253 i 4500 | ||
|---|---|---|---|
| 001 | bg | ||
| 245 | 0 |
_aWieś i rolnictwo u progu Unii Europejskiej / _cpod red. Jerzego Bańskiego ; Polskie Towarzystwo Geograficzne. Komisja Geografii Rolnictwa i Gospodarki Żywnościowej, Instytut Geografii i Przestrzennego Zagospodarowania im. Stanisława Leszczyckiego PAN. Zespół Badań Transformacji Obszarów Wiejskich. |
|
| 260 |
_aWarszawa, _c2001. |
||
| 300 |
_a210 s. : _brys. ; _c24 cm. |
||
| 490 | 1 |
_aStudia obszarów wiejskich, _x1642-4689 ; _vT.1 |
|
| 504 | _aBibliogr. przy ref. | ||
| 650 | 9 |
_aIntegracja europejska _xrolnictwo _zEuropa _yod 1989 r. |
|
| 650 | 9 |
_aWieś _xgospodarka _zPolska _yod 1989 r. |
|
| 655 | _aMateriały konferencyjne | ||
| 700 | 1 |
_aBański, Jerzy. _eRed. |
|
| 710 |
_aPolskie Towarzystwo Geograficzne _bKomisia Geografii Rolnictwa i Gospodarki Żywnościowej |
||
| 710 |
_aPolska Akademia Nauk _bInstytut Geografii i Przestrzennego Zagospodarowania im. Stanisława Leszczyckiego _bZespół Badań Transformacii Obszarów Wiejskich |
||
| 830 |
_aStudia obszarów wiejskich, _x1642-4689 ; |
||
| 040 | _cBPK | ||
| 041 | _apl | ||
| 080 | _a338.43:339.92](438:4-67)"1989/..."(061) | ||
| 942 | _cKS | ||
| 008 | s pl f |000 0 pol | ||
| 999 |
_c35377 _d35377 |
||
| 856 |
_uhttp://koha.tu.koszalin.pl/cgi-bin/koha/opac-detail.pl?biblionumber=35377 _yKatalog online BPK |
||